01195 2200409 4500001002100000005001500021035002500036007000300061008004100064020002200105020002200127040001700149041001300166082001500179084001700194090002200211100002700233245011800260260003600378300004300414500003400457650001600491650002100507700002300528850001200551999002200563990002200585990001800607990002200625990001800647990002200665990001800687990002000705990002000725990002200745990001800767INLIS00000000002053220210702104709 a0010-051600000000966ta160531s2014 g ind  a978-602-280-511-3 a978-602-280-841-1 aYOPDYOGbind0 aindgara04223a297.77 a297.77 Sai E aCB-D.11 2014-21160 aSaifuddin Amin,d1978-1 aEtika peserta didik menurut Syaikh Muhammad bin Shalih Al-Utsaimin /cSaifuddin Amin ; editor, Abdurrahman M.B.P. aYogyakarta :bDeepublish,c2014 axiv, 154 halaman :bilustrasi ;c20 cm aBibliografi : halaman 147-151 4aEtika Islam 4aPendidikan Islam0 aAbdurrahman M.B.P. aYOPDYOG aCB-D.11/2014-2116 aCB-D.11/2014-2116 a55012-PD/A.17 aCB-D.11/2014-2116 a55012-PD/A.17 aCB-D.11/2014-2116 a55012-PD/A.17 a67172-PD/A.2021 a67173-PD/A.2021 aCB-D.11/2014-2116 a55012-PD/A.17